[Event "2nd Vergani Cup 2018"]
[Site "Villorba ITA"]
[Date "2018.01.05"]
[Round "5.11"]
[White "Blohberger, Felix"]
[Black "Landi, Alberto"]
[Result "1-0"]
[WhiteTitle "FM"]
[BlackTitle "FM"]
[WhiteElo "2367"]
[BlackElo "2237"]
[WhiteFideId "1632051"]
[BlackFideId "894486"]
[EventDate "2018.01.02"]

1. e4 e6 2. d3 d5 3. Nd2 Nf6 4. Ngf3 c5 5. g3 g6 6. Bg2 Bg7 7. O-O O-O 8. Re1
Nc6 9. Qe2 b6 10. Nf1 e5 11. exd5 Nxd5 12. c3 Ba6 13. N3d2 Qd7 14. Ne4 f5 15.
Ned2 e4 16. Nc4 Nxc3 17. bxc3 Bxc3 18. Bb2 Bxe1 19. dxe4 Nd4 20. Qxe1 Bxc4 21.
Ne3 Bd3 22. exf5 Rae8 23. fxg6 hxg6 24. Rd1 Bc2 25. Rd2 Be4 26. Bxd4 cxd4 27.
Qd1 Bxg2 28. Rxd4 Qf7 29. Rf4 Qxa2 30. Nxg2 g5 31. Rxf8+ Rxf8 32. f4 b5 33. h4
Qe6 34. hxg5 b4 35. Qh5 b3 36. g6 Qd7 37. Qc5 Rd8 38. Ne3 Rc8 39. Qe5 Re8 40.
Qc3 b2 41. Qxb2 Rxe3 42. Kf2 Re8 43. Qb3+ Qe6 44. Qd3 Qe1+ 45. Kf3 Qh1+ 46. Kf2
Qe4 47. Qb3+ Kg7 48. Qf7+ 1-0

[Event "2nd Vergani Cup 2018"]
[Site "Villorba ITA"]
[Date "2018.01.05"]
[Round "5.12"]
[White "Juhasz, Armin"]
[Black "Omeri, Silvan"]
[Result "0-1"]
[WhiteTitle "IM"]
[WhiteElo "2372"]
[BlackElo "2221"]
[WhiteFideId "724270"]
[BlackFideId "825557"]
[EventDate "2018.01.02"]

1. Nf3 Nf6 2. c4 e6 3. g3 Be7 4. Bg2 d5 5. d4 O-O 6. Qc2 Ne4 7. O-O c6 8. b3 Nd7
9. Ba3 Nd6 10. Nbd2 Qa5 11. Bb2 f5 12. a3 Ne4 13. b4 Qd8 14. b5 a5 15. a4 Ndf6
16. Ne5 Bd7 17. Ndf3 cxb5 18. axb5 Be8 19. Qa4 g5 20. Bc1 Nc3 21. Qc2 Nfe4 22.
Bb2 Bb4 23. Ba3 g4 24. Nh4 dxc4 25. Bxe4 fxe4 26. b6 Rc8 27. Bb2 Qxd4 28. Nxg4
e3 29. f3 Qd2 30. Bxc3 Bxc3 31. Qe4 Qd5 32. Qc2 Bg7 0-1

[Event "2nd Vergani Cup 2018"]
[Site "Villorba ITA"]
[Date "2018.01.05"]
[Round "5.13"]
[White "Loiacono, Leonardo"]
[Black "Rapport, Jovana"]
[Result "0-1"]
[BlackTitle "WGM"]
[WhiteElo "2243"]
[BlackElo "2305"]
[WhiteFideId "895423"]
[BlackFideId "937266"]
[EventDate "2018.01.02"]

1. d4 f5 2. c4 Nf6 3. Nc3 e6 4. e3 b6 5. Bd3 Bb7 6. f3 c5 7. Nge2 Bd6 8. dxc5
Bxc5 9. a3 O-O 10. b4 Be7 11. Rb1 Nc6 12. Nd4 Ne5 13. Be2 a6 14. Qb3 Kh8 15. Bb2
Rc8 16. Rc1 Ne8 17. O-O Nd6 18. Nb1 Ng6 19. c5 bxc5 20. bxc5 Bd5 21. Qd1 Ne8 22.
Bxa6 Rxc5 23. Rxc5 Bxc5 24. Nc3 Qa8 25. Nxd5 Qxa6 26. Nb4 Qa7 27. Qb3 f4 28. Nd3
Bb6 29. a4 fxe3 30. Ne2 Nf6 31. Rb1 Nd5 32. Qb5 Rc8 33. Nb4 Rc5 34. Rc1 Rxc1+
35. Bxc1 Nc3 36. Qc4 Nxe2+ 0-1

[Event "2nd Vergani Cup 2018"]
[Site "Villorba ITA"]
[Date "2018.01.05"]
[Round "5.14"]
[White "Bettalli, Francesco"]
[Black "Bifulco, Michel"]
[Result "1/2-1/2"]
[BlackTitle "FM"]
[WhiteElo "2231"]
[BlackElo "2302"]
[WhiteFideId "2816453"]
[BlackFideId "828580"]
[EventDate "2018.01.02"]

1. d4 d5 2. c4 e6 3. Nc3 c6 4. Nf3 Nf6 5. e3 Nbd7 6. Bd3 dxc4 7. Bxc4 b5 8. Bd3
Bd6 9. O-O O-O 10. e4 e5 11. Bg5 h6 12. Bh4 exd4 13. Nxd4 Ne5 14. Be2 g5 15. Bg3
b4 16. Na4 Nxe4 17. Bxe5 Bxe5 18. Nxc6 Bxh2+ 19. Kxh2 Qc7+ 20. f4 Qxc6 1/2-1/2

[Event "2nd Vergani Cup 2018"]
[Site "Villorba ITA"]
[Date "2018.01.05"]
[Round "5.15"]
[White "Vezzani, Stefano"]
[Black "Sapale, Saloni"]
[Result "0-1"]
[BlackTitle "WCM"]
[WhiteElo "2111"]
[BlackElo "2308"]
[WhiteFideId "802727"]
[BlackFideId "5085527"]
[EventDate "2018.01.02"]

1. e4 e6 2. d3 d5 3. Qe2 Nc6 4. Nf3 d4 5. g3 e5 6. Bg2 f6 7. O-O Bg4 8. h3 Be6
9. Kh2 Qd7 10. c4 Bd6 11. Na3 a6 12. Nc2 Nge7 13. Bd2 a5 14. Ng1 Ng6 15. Bf3 O-O
16. b3 Nb4 17. Ne1 a4 18. Bxb4 Bxb4 19. Rb1 axb3 20. axb3 b5 21. Bg4 f5 22. exf5
Bxf5 23. Bf3 Ra6 24. Bd5+ Kh8 25. cxb5 Raf6 26. Bc4 Nf4 27. gxf4 Rh6 28. Qf3 e4
29. dxe4 Bxh3 30. Qxh3 Rxf4 31. Ng2 Bd6 32. Nxf4 Bxf4+ 33. Kg2 Rxh3 34. Be2 Rh2+
35. Kf3 g5 36. Rfd1 Qf7 37. e5 Qd5+ 0-1

[Event "2nd Vergani Cup 2018"]
[Site "Villorba ITA"]
[Date "2018.01.05"]
[Round "5.16"]
[White "Dudin, Gleb"]
[Black "Getz, Nicolai"]
[Result "0-1"]
[BlackTitle "IM"]
[WhiteElo "2073"]
[BlackElo "2423"]
[WhiteFideId "34184934"]
[BlackFideId "1505572"]
[EventDate "2018.01.02"]

1. d4 Nf6 2. c4 g6 3. Nc3 Bg7 4. e4 d6 5. Be2 O-O 6. Bg5 c5 7. d5 h6 8. Be3 e6
9. h3 exd5 10. exd5 Re8 11. Nf3 Na6 12. Bd3 b5 13. Rc1 Nb4 14. Be2 bxc4 15. Bxc4
Ne4 16. Nxe4 Rxe4 17. a3 Rxc4 18. Rxc4 Ba6 19. b3 Bxc4 20. bxc4 Na2 21. O-O Nc3
22. Qc2 Qa5 23. Qb3 Qb6 24. Qc2 Rb8 25. Bd2 Qb3 26. Qd3 Qxa3 27. Rc1 Nb1 28.
Qxa3 Nxa3 29. Bc3 Bxc3 30. Rxc3 Nb1 31. Rc1 a5 32. Rc2 a4 33. Nd2 a3 34. Nxb1
Rxb1+ 35. Kh2 Rb2 36. Rc3 a2 37. Ra3 Rxf2 38. Kg3 Rc2 39. Ra6 Kg7 40. Kf3 Rxc4
41. Rxa2 Rd4 42. Ra6 Rxd5 0-1

[Event "2nd Vergani Cup 2018"]
[Site "Villorba ITA"]
[Date "2018.01.05"]
[Round "5.17"]
[White "Orfini, Nicolo'"]
[Black "Loiacono, Antonio"]
[Result "1-0"]
[WhiteElo "2254"]
[BlackElo "2217"]
[WhiteFideId "2805028"]
[BlackFideId "895415"]
[EventDate "2018.01.02"]

1. Nf3 Nf6 2. g3 d5 3. Bg2 c6 4. O-O h6 5. d3 Bf5 6. Nbd2 Nbd7 7. Qe1 e5 8. e4
dxe4 9. dxe4 Be6 10. Qe2 Qc7 11. b3 Bc5 12. Bb2 b5 13. h3 O-O 14. Ne1 Bd6 15.
Nd3 Ne8 16. f4 exf4 17. gxf4 f5 18. e5 Be7 19. Nf3 c5 20. Nd4 cxd4 21. Bxa8 Nb6
22. Bg2 Nd5 23. Bxd4 b4 24. Qf2 1-0

[Event "2nd Vergani Cup 2018"]
[Site "Villorba ITA"]
[Date "2018.01.05"]
[Round "5.18"]
[White "Belli, Giorgio"]
[Black "Dobboletta, Alex"]
[Result "0-1"]
[WhiteTitle "FM"]
[WhiteElo "2211"]
[BlackElo "2155"]
[WhiteFideId "2808833"]
[BlackFideId "865397"]
[EventDate "2018.01.02"]

1. e4 e6 2. d4 d5 3. Nc3 dxe4 4. Nxe4 Nd7 5. Nf3 Ngf6 6. Nxf6+ Nxf6 7. Bd3 c5 8.
O-O cxd4 9. Nxd4 Bc5 10. Nf3 O-O 11. b3 b6 12. Bb2 Bb7 13. c4 Qc7 14. Be5 Qc6
15. Qc2 h6 16. Qb2 Rfd8 17. Rad1 Be7 18. a3 Rd7 19. Rd2 Rad8 20. Rfd1 Ne4 21.
Bxe4 Rxd2 22. Rxd2 Qxe4 23. Rxd8+ Bxd8 24. h3 Be7 25. Kh2 f6 26. Bg3 e5 27. Qc3
Bc5 28. b4 Bd4 29. Qe1 Qxe1 30. Nxe1 Bb2 31. f4 Bxa3 32. Nc2 Bb2 33. b5 Bc3 0-1

[Event "2nd Vergani Cup 2018"]
[Site "Villorba ITA"]
[Date "2018.01.05"]
[Round "6.1"]
[White "Raja, Harshit"]
[Black "Rapport, Richard"]
[Result "1/2-1/2"]
[WhiteTitle "IM"]
[BlackTitle "GM"]
[WhiteElo "2427"]
[BlackElo "2700"]
[WhiteFideId "5089000"]
[BlackFideId "738590"]
[EventDate "2018.01.02"]

1. e4 c5 2. Nf3 a6 3. c3 e6 4. d4 d5 5. exd5 exd5 6. Bg5 Nf6 7. Bd3 h6 8. Bh4
Be7 9. dxc5 Bxc5 10. O-O O-O 11. Nbd2 Nc6 12. Nb3 Ba7 13. Re1 g5 14. Bg3 Ne4 15.
Bxe4 dxe4 16. Ne5 Qxd1 17. Raxd1 Nxe5 18. Bxe5 Bg4 19. Rd2 Be6 20. Bd4 Bxb3 1/2-1/2

[Event "2nd Vergani Cup 2018"]
[Site "Villorba ITA"]
[Date "2018.01.05"]
[Round "6.2"]
[White "Jobava, Baadur"]
[Black "Kveinys, Aloyzas"]
[Result "1/2-1/2"]
[WhiteTitle "GM"]
[BlackTitle "GM"]
[WhiteElo "2690"]
[BlackElo "2547"]
[WhiteFideId "13601520"]
[BlackFideId "12800040"]
[EventDate "2018.01.02"]

1. d4 d5 2. c4 c6 3. cxd5 cxd5 4. Nc3 Nf6 5. Nf3 Nc6 6. Bf4 Bf5 7. e3 e6 8. Bd3
Bxd3 9. Qxd3 Bd6 10. Bxd6 Qxd6 11. O-O O-O 12. Rac1 Rac8 13. a3 a6 14. Rfd1 Rfd8
15. Na4 e5 16. dxe5 Nxe5 17. Nxe5 Qxe5 18. Qd4 Qxd4 19. exd4 Nd7 20. Kf1 Kf8 1/2-1/2

[Event "2nd Vergani Cup 2018"]
[Site "Villorba ITA"]
[Date "2018.01.05"]
[Round "6.3"]
[White "Mesaros, Florian"]
[Black "Berkes, Ferenc"]
[Result "1/2-1/2"]
[WhiteTitle "IM"]
[BlackTitle "GM"]
[WhiteElo "2406"]
[BlackElo "2662"]
[WhiteFideId "1629220"]
[BlackFideId "718572"]
[EventDate "2018.01.02"]

1. Nf3 Nf6 2. c4 g6 3. Nc3 Bg7 4. e4 d6 5. d4 O-O 6. Be2 e5 7. O-O Qe8 8. dxe5
dxe5 9. b4 Bg4 10. Be3 Nbd7 11. Nd2 Bxe2 12. Qxe2 c6 13. c5 Nh5 14. Nc4 Nf4 15.
Qd2 Qe7 16. Rad1 Rfd8 17. Qc2 Ne6 18. Ne2 Ndf8 19. Nd6 b6 20. Rd3 bxc5 21. bxc5
Rab8 22. Rfd1 Qc7 23. Qd2 h5 24. g3 Nh7 25. f4 exf4 26. gxf4 Rb2 27. Qe1 Rxa2
28. f5 Nef8 29. Nf4 Rb8 30. Qg3 h4 31. Qg4 h3 32. Qxh3 Qe7 33. Qg3 Rbb2 34. R3d2
Rxd2 35. Rxd2 Rxd2 36. Bxd2 Bd4+ 37. Be3 Be5 38. fxg6 fxg6 39. Nxg6 Nxg6 40.
Qxg6+ Qg7 41. Qxg7+ Kxg7 42. Nc8 Nf6 43. Nxa7 Ng4 44. Nxc6 Bxh2+ 45. Kg2 Nxe3+
46. Kxh2 Nf1+ 47. Kh3 Nd2 48. Nd4 Nxe4 49. c6 Kf6 50. Kg4 Ke5 51. Nb5 Nd6 52. c7
Nc8 53. Kg5 Kd5 54. Kf5 Kc6 55. Ke6 Kxb5 56. Kd7 Na7 57. c8=Q Nxc8 58. Kxc8 1/2-1/2

[Event "2nd Vergani Cup 2018"]
[Site "Villorba ITA"]
[Date "2018.01.05"]
[Round "6.4"]
[White "Korobov, Anton"]
[Black "Iniyan, P"]
[Result "1-0"]
[WhiteTitle "GM"]
[BlackTitle "IM"]
[WhiteElo "2652"]
[BlackElo "2466"]
[WhiteFideId "14105730"]
[BlackFideId "25002767"]
[EventDate "2018.01.02"]

1. d4 Nf6 2. c4 g6 3. Nc3 Bg7 4. e4 d6 5. Nf3 O-O 6. Be2 e5 7. d5 Na6 8. Nd2 Ne8
9. Rb1 f5 10. b4 c5 11. dxc6 bxc6 12. O-O Nac7 13. Nb3 Ne6 14. Bf3 f4 15. c5 Nd4
16. Nxd4 exd4 17. Ne2 dxc5 18. bxc5 g5 19. e5 d3 20. Nc3 Bf5 21. Bxc6 Rc8 22.
Qb3+ Kh8 23. Bb7 d2 24. Ba3 Bxb1 25. Nxb1 Rc7 26. c6 Rf5 27. Bb4 Rxe5 28. Nxd2
a5 29. Bc3 Rd5 30. Ne4 Rd3 31. Qc2 Bxc3 32. Nxc3 Re7 33. Ba6 Rd2 34. Qf5 Ng7 35.
Qxg5 Re6 36. Qxd8+ Rxd8 37. c7 Rde8 38. Bb7 Rb6 39. c8=Q Rxc8 40. Bxc8 Rc6 41.
Ne2 Rxc8 42. Nxf4 Rc2 43. Ra1 Nf5 44. a4 Nd4 45. g3 Rc4 46. Kg2 Kg8 47. h4 Kf7
48. Rb1 Rxa4 49. Rb7+ Kg8 50. Nd5 h6 51. Ra7 Kf8 52. h5 Nb3 53. f4 Ra2+ 54. Kh3
Ra1 55. f5 Nd4 56. g4 a4 57. Nf4 Nf3 58. Ne6+ Kg8 59. f6 Ne5 60. g5 Rh1+ 61. Kg3
hxg5 62. Nxg5 Rg1+ 63. Kf4 Nd3+ 64. Kf5 Rf1+ 65. Ke4 Nc5+ 66. Ke5 Nd3+ 67. Kd4
Rxf6 68. Kxd3 Rf5 69. Ne4 Kh8 70. h6 Rh5 71. Ra8+ 1-0

[Event "2nd Vergani Cup 2018"]
[Site "Villorba ITA"]
[Date "2018.01.05"]
[Round "6.5"]
[White "Sukandar, Irine Kharisma"]
[Black "Blohberger, Felix"]
[Result "1/2-1/2"]
[WhiteTitle "IM"]
[BlackTitle "FM"]
[WhiteElo "2387"]
[BlackElo "2367"]
[WhiteFideId "7101937"]
[BlackFideId "1632051"]
[EventDate "2018.01.02"]

1. e4 c6 2. d4 d5 3. Nc3 dxe4 4. Nxe4 Nf6 5. Ng5 h6 6. N5f3 Bf5 7. Bc4 Nbd7 8.
Ne2 e6 9. Ng3 Bh7 10. O-O Be7 11. Bd3 Bxd3 12. Qxd3 O-O 13. Rd1 Rc8 14. Qe2 Qa5
15. Bd2 Qb5 16. c4 Qxb2 17. Rab1 Qa3 18. Rxb7 Rb8 19. Rxb8 Rxb8 20. Ne5 Qa4 21.
Bc3 Rd8 22. Nxd7 Rxd7 23. Rb1 Qa6 24. h3 Rb7 25. Rb3 Rb6 26. c5 Qxe2 27. Nxe2
Rxb3 28. axb3 Nd5 29. Ba5 f5 30. Kf1 Bf6 31. Ke1 h5 32. Kd2 g5 33. Kd3 g4 34.
Bd2 Kf7 1/2-1/2

[Event "2nd Vergani Cup 2018"]
[Site "Villorba ITA"]
[Date "2018.01.05"]
[Round "6.6"]
[White "Tanriverdi, Enes"]
[Black "Hilverda, Alexander"]
[Result "0-1"]
[WhiteTitle "FM"]
[WhiteElo "2259"]
[BlackElo "2370"]
[WhiteFideId "34543279"]
[BlackFideId "4695437"]
[EventDate "2018.01.02"]

1. d4 d5 2. c4 e6 3. Nf3 Nf6 4. Nc3 Bb4 5. Bg5 h6 6. Bxf6 Qxf6 7. e3 O-O 8. Be2
dxc4 9. Bxc4 c5 10. O-O cxd4 11. exd4 Nc6 12. Qe2 Nxd4 13. Nxd4 Qxd4 14. Rad1
Qh4 15. Ne4 a6 16. g3 Qe7 17. a3 Ba5 18. Nd6 b5 19. Ba2 Bb7 20. Rd3 Rad8 21.
Rfd1 Ba8 22. Qg4 Kh8 23. Qh5 Kh7 24. Qe5 Bc7 25. Bb1 g6 0-1

[Event "2nd Vergani Cup 2018"]
[Site "Villorba ITA"]
[Date "2018.01.05"]
[Round "6.7"]
[White "Barp, Alberto"]
[Black "Rahul, Srivatshav P"]
[Result "0-1"]
[WhiteTitle "FM"]
[WhiteElo "2252"]
[BlackElo "2317"]
[WhiteFideId "872555"]
[BlackFideId "25059653"]
[EventDate "2018.01.02"]

1. d4 Nf6 2. c4 g6 3. Nc3 Bg7 4. Nf3 O-O 5. g3 d6 6. Bg2 Nc6 7. O-O a6 8. Qd3
Nd7 9. e4 e5 10. d5 Nd4 11. Be3 Nxf3+ 12. Bxf3 f5 13. b4 a5 14. a3 b6 15. Bd2 f4
16. Bg2 g5 17. h3 h5 18. g4 hxg4 19. hxg4 Kf7 20. Bh3 Rh8 21. Kg2 Nf8 22. b5 Ng6
23. f3 Rh6 24. Rh1 Qh8 25. Be1 Bxg4 26. fxg4 f3+ 27. Qxf3+ Nf4+ 28. Kf1 Rf8 29.
Bg2 Rxh1+ 30. Bxh1 Ke8 31. Bf2 Nh3 32. Nd1 Rxf3 33. Bxf3 Nf4 34. Bg1 Qh3+ 35.
Kf2 Qh4+ 0-1

[Event "2nd Vergani Cup 2018"]
[Site "Villorba ITA"]
[Date "2018.01.06"]
[Round "7.1"]
[White "Rapport, Richard"]
[Black "Berkes, Ferenc"]
[Result "1/2-1/2"]
[WhiteTitle "GM"]
[BlackTitle "GM"]
[WhiteElo "2700"]
[BlackElo "2662"]
[WhiteFideId "738590"]
[BlackFideId "718572"]
[EventDate "2018.01.02"]

1. d4 Nf6 2. c4 e6 3. Nf3 b6 4. g3 Bb7 5. Bg2 Bb4+ 6. Bd2 Be7 7. O-O O-O 8. Nc3
Na6 9. Rc1 Qc8 10. Bf4 Ne4 11. Nxe4 Bxe4 12. Qa4 c5 13. Rfd1 d6 14. dxc5 Nxc5
15. Qa3 Rd8 16. Bg5 Bxg5 17. Nxg5 Bxg2 18. Kxg2 Qb7+ 19. Qf3 Qe7 20. Ne4 Nxe4 1/2-1/2

[Event "2nd Vergani Cup 2018"]
[Site "Villorba ITA"]
[Date "2018.01.06"]
[Round "7.2"]
[White "Korobov, Anton"]
[Black "Jobava, Baadur"]
[Result "1/2-1/2"]
[WhiteTitle "GM"]
[BlackTitle "GM"]
[WhiteElo "2652"]
[BlackElo "2690"]
[WhiteFideId "14105730"]
[BlackFideId "13601520"]
[EventDate "2018.01.02"]

1. d4 d5 2. c4 c6 3. cxd5 cxd5 4. Nf3 Nc6 5. Nc3 Nf6 6. Bf4 Bf5 7. e3 e6 8. Bd3
Bxd3 9. Qxd3 Bd6 10. Bxd6 Qxd6 11. O-O O-O 12. Rfc1 Rac8 13. Ne2 Ne7 14. Rxc8
Rxc8 15. Rc1 Rxc1+ 16. Nxc1 h6 17. h3 a6 18. Ne2 Qc7 19. Qc3 Qxc3 20. Nxc3 Kf8 1/2-1/2

[Event "2nd Vergani Cup 2018"]
[Site "Villorba ITA"]
[Date "2018.01.06"]
[Round "7.3"]
[White "Kveinys, Aloyzas"]
[Black "Raja, Harshit"]
[Result "1/2-1/2"]
[WhiteTitle "GM"]
[BlackTitle "IM"]
[WhiteElo "2547"]
[BlackElo "2427"]
[WhiteFideId "12800040"]
[BlackFideId "5089000"]
[EventDate "2018.01.02"]

1. d4 d5 2. c4 c6 3. Nc3 Nf6 4. e3 e6 5. Nf3 Nbd7 6. Qc2 Bd6 7. Bd3 O-O 8. O-O
dxc4 9. Bxc4 b5 10. Be2 Bb7 11. Rd1 Qc7 12. Bd2 a6 13. Rac1 e5 14. b4 Rfe8 15.
h3 h6 16. Be1 Rac8 17. Qb1 Qb8 18. Bd3 exd4 19. exd4 Qa8 20. Bf5 Rcd8 1/2-1/2

[Event "2nd Vergani Cup 2018"]
[Site "Villorba ITA"]
[Date "2018.01.06"]
[Round "7.4"]
[White "Hilverda, Alexander"]
[Black "Mesaros, Florian"]
[Result "0-1"]
[BlackTitle "IM"]
[WhiteElo "2370"]
[BlackElo "2406"]
[WhiteFideId "4695437"]
[BlackFideId "1629220"]
[EventDate "2018.01.02"]

1. d4 d5 2. c4 e6 3. Nf3 Nf6 4. g3 Bb4+ 5. Bd2 Be7 6. Bg2 O-O 7. O-O Nbd7 8. Qc2
Ne4 9. Bf4 c6 10. Nfd2 g5 11. Be3 Nd6 12. f3 f5 13. Bf2 Nf6 14. Nc3 g4 15. h3 h5
16. h4 b6 17. Bh1 Ba6 18. cxd5 exd5 19. Rfe1 gxf3 20. exf3 Rf7 21. Bg2 Nh7 22.
Bh3 Bc8 23. Ne2 Bd7 24. Nf4 Qf8 25. Ng6 Qg7 26. Ne5 Bxh4 27. Kh2 Bf6 28. Nxd7
Rxd7 29. Qxc6 Rf8 30. Qxd5+ Kh8 31. Qb3 Bxd4 32. Bxd4 Qxd4 33. Qc3 Qxc3 34. bxc3
Nb5 35. Nf1 Ng5 36. Re3 Rc7 37. f4 Nxh3 38. Kxh3 Rxc3 39. Kh4 Rc7 40. Rd1 Rg7
41. Rd5 Nc7 42. Rd6 Kg8 43. Re5 Rg4+ 44. Kxh5 Ne8 45. Rg6+ Ng7+ 46. Kh6 Kf7 47.
Rxg7+ Rxg7 48. Rxf5+ Kg8 49. Rd5 Rf6+ 50. Kh5 Rb7 51. f5 b5 52. g4 Ra6 53. Rd8+
Kf7 54. g5 Rxa2 55. Kh6 Ra3 56. g6+ Kf6 57. Rf8+ Ke5 58. f6 Kf5 59. Rf7 Rb8 60.
Kg7 Rf3 61. Rxa7 Rxf1 0-1

[Event "2nd Vergani Cup 2018"]
[Site "Villorba ITA"]
[Date "2018.01.06"]
[Round "7.5"]
[White "Rahul, Srivatshav P"]
[Black "Iniyan, P"]
[Result "1/2-1/2"]
[BlackTitle "IM"]
[WhiteElo "2317"]
[BlackElo "2466"]
[WhiteFideId "25059653"]
[BlackFideId "25002767"]
[EventDate "2018.01.02"]

1. d4 d6 2. c4 e5 3. d5 f5 4. e4 Nf6 5. exf5 Bxf5 6. Nc3 Be7 7. Nge2 a5 8. Ng3
Bg4 9. Be2 Bxe2 10. Qxe2 Qd7 11. O-O O-O 12. f4 exf4 13. Rxf4 Na6 14. Be3 c6 15.
dxc6 bxc6 16. Nf5 Rae8 17. Raf1 g6 18. Nh6+ Kg7 19. Ne4 Nc5 20. Nxf6 Bxf6 21.
Ng4 Bg5 22. Bd4+ Kg8 23. Rxf8+ Rxf8 24. Rxf8+ Kxf8 25. Qf3+ Ke8 26. Bf6 Bc1 27.
Bh4 Bxb2 28. Qe2+ Kf7 29. Qf2+ Kg8 30. Nh6+ Kg7 31. Qxb2+ Kxh6 32. Bf2 Ne4 33.
Be3+ g5 34. h4 Qe6 35. hxg5+ Kg6 36. Qc2 d5 37. cxd5 Qxd5 38. Qb2 Qd3 39. Qb6
Qc3 40. Qa7 Ng3 41. Kf2 Nf5 42. Bf4 Qc2+ 43. Kg1 1/2-1/2

[Event "2nd Vergani Cup 2018"]
[Site "Villorba ITA"]
[Date "2018.01.06"]
[Round "8.1"]
[White "Mesaros, Florian"]
[Black "Rapport, Richard"]
[Result "0-1"]
[WhiteTitle "IM"]
[BlackTitle "GM"]
[WhiteElo "2406"]
[BlackElo "2700"]
[WhiteFideId "1629220"]
[BlackFideId "738590"]
[EventDate "2018.01.02"]

1. Nf3 Nf6 2. c4 e6 3. Nc3 Bb4 4. g3 O-O 5. Bg2 d6 6. O-O Bd7 7. a3 Bxc3 8. bxc3
Nc6 9. d3 Rb8 10. Rb1 a6 11. e4 b5 12. cxb5 axb5 13. Qe2 h6 14. Nh4 Ne7 15. f4
c5 16. Bd2 Bc6 17. f5 e5 18. g4 d5 19. d4 cxd4 20. cxd4 dxe4 21. dxe5 Qd4+ 22.
Kh1 Qxe5 23. Bf4 Qc5 24. Rbc1 Qxa3 25. g5 hxg5 26. Bxg5 Qd6 27. Bf4 Qd7 28. Rfd1
Bd5 29. Be5 Rb6 30. Qe3 Rc6 31. Rxc6 Qxc6 32. Qg5 Rc8 33. Rg1 Kf8 34. h3 Qb6 35.
Rc1 Rxc1+ 36. Qxc1 b4 37. Bxf6 Qxf6 38. Qc7 Kg8 0-1

[Event "2nd Vergani Cup 2018"]
[Site "Villorba ITA"]
[Date "2018.01.06"]
[Round "8.3"]
[White "Raja, Harshit"]
[Black "Korobov, Anton"]
[Result "0-1"]
[WhiteTitle "IM"]
[BlackTitle "GM"]
[WhiteElo "2427"]
[BlackElo "2652"]
[WhiteFideId "5089000"]
[BlackFideId "14105730"]
[EventDate "2018.01.02"]

1. e4 c5 2. Nf3 d6 3. d4 cxd4 4. Nxd4 Nf6 5. Nc3 a6 6. Bg5 e6 7. f4 Qc7 8. Qe2
Nc6 9. O-O-O Nxd4 10. Rxd4 Be7 11. Qd2 O-O 12. Bxf6 Bxf6 13. Rxd6 Bxc3 14. bxc3
b5 15. Be2 Qa5 16. Kb2 Bb7 17. Bf3 Rad8 18. Rd1 Bd5 19. Rxd5 exd5 20. exd5 Rd6
21. Re1 Qd8 22. Qd4 h6 23. Re5 Qh4 24. Rh5 Qf6 25. Qe5 Rc8 26. Be4 Kf8 27. Rf5
Qe7 28. g4 Re8 29. Qxe7+ Rxe7 30. Bd3 g6 0-1

[Event "2nd Vergani Cup 2018"]
[Site "Villorba ITA"]
[Date "2018.01.06"]
[Round "8.4"]
[White "Jobava, Baadur"]
[Black "Sukandar, Irine Kharisma"]
[Result "1-0"]
[WhiteTitle "GM"]
[BlackTitle "IM"]
[WhiteElo "2690"]
[BlackElo "2387"]
[WhiteFideId "13601520"]
[BlackFideId "7101937"]
[EventDate "2018.01.02"]

1. d4 Nf6 2. c4 e6 3. Nc3 Bb4 4. e3 O-O 5. Bd3 d5 6. cxd5 exd5 7. Ne2 a5 8. O-O
c6 9. f3 Na6 10. e4 dxe4 11. fxe4 Bg4 12. a3 Be7 13. Qc2 h6 14. h3 Bxe2 15. Nxe2
Nc7 16. Be3 Ne6 17. Rad1 Nd7 18. Kh1 Bg5 19. Bg1 Nf6 20. Bc4 Qc7 21. Ba2 Rfe8
22. Rf3 Rad8 23. Rdf1 Rd7 24. Bb1 Nf8 25. Ng3 c5 26. e5 Nd5 27. Ba2 Qc6 28. Qe4
c4 29. h4 Bd8 30. Nf5 h5 31. Qe2 b5 32. Rg3 Ng6 33. Qxh5 Re6 34. Qg4 Nde7 35.
Bb1 1-0

[Event "2nd Vergani Cup 2018"]
[Site "Villorba ITA"]
[Date "2018.01.06"]
[Round "8.5"]
[White "Rahul, Srivatshav P"]
[Black "Blohberger, Felix"]
[Result "1/2-1/2"]
[BlackTitle "FM"]
[WhiteElo "2317"]
[BlackElo "2367"]
[WhiteFideId "25059653"]
[BlackFideId "1632051"]
[EventDate "2018.01.02"]

1. d4 Nf6 2. c4 e6 3. Nc3 Bb4 4. e3 b6 5. Ne2 Ne4 6. Qc2 Bb7 7. a3 Bxc3+ 8. Nxc3
Nxc3 9. Qxc3 d6 10. b4 a5 11. Bb2 axb4 12. axb4 Rxa1+ 13. Bxa1 O-O 14. Qc2 Qh4
15. Kd1 Nd7 16. f3 Ra8 17. Bc3 c5 18. Bd3 cxb4 19. Bb2 e5 20. Bf5 Bc6 21. Qd2
exd4 22. Qxd4 Qxd4+ 23. exd4 g6 24. Bxd7 Bxd7 25. Kc2 Ba4+ 26. Kd3 Rc8 27. Rc1
f6 28. d5 Kf7 29. Bd4 b5 30. c5 Bb3 31. Kd2 dxc5 32. Rxc5 Rxc5 33. Bxc5 Bxd5 34.
Bxb4 1/2-1/2

[Event "2nd Vergani Cup 2018"]
[Site "Villorba ITA"]
[Date "2018.01.07"]
[Round "9.1"]
[White "Rapport, Richard"]
[Black "Getz, Nicolai"]
[Result "1-0"]
[WhiteTitle "GM"]
[BlackTitle "IM"]
[WhiteElo "2700"]
[BlackElo "2423"]
[WhiteFideId "738590"]
[BlackFideId "1505572"]
[EventDate "2018.01.02"]

1. d4 Nf6 2. Bf4 g6 3. Nc3 Bg7 4. e4 d6 5. Qd2 O-O 6. O-O-O Nbd7 7. e5 Nh5 8.
Bh6 c5 9. Bxg7 Nxg7 10. exd6 exd6 11. Nf3 Qa5 12. Kb1 Nf6 13. dxc5 Be6 14. Nd5
Qd8 15. Nxf6+ Qxf6 16. cxd6 Nf5 17. Qf4 h5 18. h3 h4 19. g4 hxg3 20. fxg3 Rac8
21. g4 Rc5 22. Bd3 1-0

[Event "2nd Vergani Cup 2018"]
[Site "Villorba ITA"]
[Date "2018.01.07"]
[Round "9.2"]
[White "Raja, Harshit"]
[Black "Jobava, Baadur"]
[Result "1/2-1/2"]
[WhiteTitle "IM"]
[BlackTitle "GM"]
[WhiteElo "2427"]
[BlackElo "2690"]
[WhiteFideId "5089000"]
[BlackFideId "13601520"]
[EventDate "2018.01.02"]

1. e4 e5 2. Nf3 Nc6 3. Bb5 a6 4. Ba4 Nf6 5. O-O Be7 6. Re1 b5 7. Bb3 O-O 8. c3
d6 9. h3 Re8 10. Ng5 Rf8 11. Nf3 Re8 12. Ng5 Rf8 13. Nf3 Re8 14. Ng5 Rf8 1/2-1/2